« Retourner aux résultats de recherche
nuit des hurleurs (La)
| Auteur principal: | Fuat Erkol |
|---|---|
| D'autres auteurs: | Clémentine Bouvier |
| Support: | Livres |
| Langue: | Francais |
| Publié: |
DL 2026 Dupuis Paris |
| Series: |
Pym et la forêt éternelle |
| Genre: |
Bande Dessinée enfant ado |
| Collection: |
Pym et la forêt éternelle |
| Sujets: | |
| Étiquettes: |
Ajouter
Pas de Tags !
|
| LEADER | 00799nam0a2200217 450 | ||
|---|---|---|---|
| 001 | 16848433 | ||
| 010 | |a 979-10-347-6578-2 |b rel. |d 13,5 | ||
| 100 | |a 20251201d2026 u u0frey01 ba | ||
| 101 | 0 | |a fre | |
| 102 | |a BE | ||
| 200 | 0 | |a nuit des hurleurs (La) |f scénario : Fuat Erkol |g dessin et couleurs : Clémentine Bouvier | |
| 207 | 1 | |a | |
| 210 | |a Paris |b 57, bd de La Villette |c Dupuis |d DL 2026 | ||
| 215 | |a 1 vol. (63 p.) |c ill. en coul. |d 29 cm | ||
| 225 | 1 | |a Pym et la forêt éternelle |v 1 | |
| 461 | 0 | |t Pym et la forêt éternelle |v 1 | |
| 700 | 0 | |a Erkol |b Fuat |f 1971-.... |4 70 | |
| 702 | 0 | |a Bouvier |b Clémentine |f 1987-.... |4 440 | |
| 900 | |a Bande Dessinée enfant ado | ||
| 901 | |a Accessible au prêt | ||
| 995 | |a Bibliothèque |c Bibliothèque |f 024026260 |h 024026260 |k BD ERK |o c |q j |r az |e Bibliothèque | ||
